Normal view
MARC view
Entry Personal Name
001 - CONTROL NUMBER
- control field: 588
003 - CONTROL NUMBER IDENTIFIER
- control field: BD-RjUL
005 - DATE AND TIME OF LATEST TRANSACTION
- control field: 20220109110646.0
008 - FIXED-LENGTH DATA ELEMENTS
- fixed length control field: 220109|| aca||aabn | a|a d
040 ## - CATALOGING SOURCE
- Original cataloging agency: BD-RjUL
- Transcribing agency: BD-RjUL
100 ## - HEADING--PERSONAL NAME
- Personal name: ফিরোজ, জালাল
670 ## - SOURCE DATA FOUND
- Source citation: Work cat.: (BD-RjUL)79135: ফিরোজ, জালাল, বঙ্গবন্ধু রাষ্ট্রপতিষ্ঠা ও রাষ্ট্রনির্মাণ /, ২০২১